| 000 | 00522nam a2200157 a 4500 | ||
|---|---|---|---|
| 001 | 000011335 | ||
| 005 | 20200929162424.0 | ||
| 008 | 091016s1963 dr 001 0 spa d | ||
| 040 |
_aDO-SdBNP _bspa _cBNPHU |
||
| 082 |
_axxx _bO81p |
||
| 100 | 1 |
_aOscar, Armando _924269 |
|
| 245 | 1 | 3 |
_aEl pez dorado en la pecera de cristal : _breplica al existencialismo de sartre, comedia dramática en tres actos / _cArmando Oscar. |
| 260 |
_aMéxico D.F. : _bManuel León Sánchez, _c1963. |
||
| 300 |
_a124 p. ; _c20 cm. |
||
| 049 | _aBNPD | ||
| 999 |
_c11042 _d11042 |
||